| 000 | 00715nam a2200217Ia 4500 | ||
|---|---|---|---|
| 005 | 20211108095953.0 | ||
| 008 | 130821s1979 sp gr spa | ||
| 020 | _a8431615095 | ||
| 040 |
_aCo-BoUCM _bspa _cSandra Palacio (modificó) _d[Nuevo] |
||
| 041 | _aspa | ||
| 100 |
_aCasa Aruta, Ernesto _974159 |
||
| 245 |
_a200 problemas de estadística descriptiva _cErnesto Casa Uruta |
||
| 250 | _a5a ed | ||
| 260 |
_aBarcelona (España) _bEdiciones Vicens-Vives _c1979 |
||
| 300 | _a206 páginas | ||
| 650 | 0 | 4 |
_aCorrelación (Estadística) _912015 |
| 650 | 7 |
_aCurvas de frecuencia _912442 |
|
| 650 | 7 |
_aEstadística _914984 |
|
| 942 |
_cLIBRO _a25 _e5 _mC17 _2DEWEY _h519.5 |
||
| 999 |
_c2869 _d2869 |
||